Studien zu Gottfried von Strassburg /

Hlavní autor: Sälzer, Gerda
Korporativní autor: Ruhr-Universität Bochum
Jazyk: Němčina
Vydáno: Bochum : G. Sälzer, 1975
Fyzický popis: 269 s.
Knihy
Uloženo v:
LEADER 00660nam a22002172a 4500
001 001219927
003 CZ BrMZK
005 20121214091416.0
007 ta
008 120605s1975 gw er|||||||||||ger d
040 |a BOA001  |b cze 
100 1 |a Sälzer, Gerda  |4 dis 
245 1 0 |a Studien zu Gottfried von Strassburg /  |c Gerda Sälzer 
260 |a Bochum :  |b G. Sälzer,  |c 1975 
300 |a 269 s. 
502 |a Disertace--Universität Bochum, 1975 
710 2 |a Ruhr-Universität Bochum  |7 kn20010710603 
910 |a BOA001  |b 2-0755.772 
990 |a BK 
991 |b 201206 
996 7 |b 2619531098  |c 2-0755.772  |l MZK  |r Sklad / do 1 hodiny  |n 0  |w 001253809  |u 000010  |a 1  |e BOA001  |j MZK50  |s A